000 01408nam a2200397 c 4500
999 _c24434
_d24434
001 24434
003 ES-MaCES
005 20200203124916.0
008 120511s2012 sp t o000 | spa d
017 _aVA 253-2012
_bDL
020 _a9788495308580
035 _aCES20120003160m
040 _aES-MaCES
_bspa
_cES-MaCES
245 0 0 _aProgreso y desarrollo
_b: retos para el futuro de Castilla y León
260 _aValladolid
_bConsejo Económico y Social de Castilla y León
_c[2012]
300 _a359 p.
_c24 cm
490 1 _aColección Estudios
_v15
500 _aPremio Colección de Estudios del CES de Castilla y León
504 _aBibliografía: p. 339-349
541 _cGratuito
650 4 _aindicador económico
_927073
650 4 _aindicador social
_927259
650 4 _adesarrollo económico y social
_929234
650 4 _amedio ambiente humano
_929448
650 4 _aparticipación social
_927284
650 4 _adesarrollo sostenible
_930785
650 4 _adesarrollo regional
_929186
650 4 _aCastilla y León
_930782
650 4 _acuadros estadísticos
_928890
653 1 0 _aDesarrollo regional
710 2 _aConsejo Económico y Social (Castilla y León)
_eed.
_92405
830 0 _aColección Estudios (Consejo Económico y Social (Castilla y León))
_v15
_933390
902 _aLIB Libro
942 _2CES
_cBK
_h1.1.